000
00249nam a22000977a 4500
100
_a
Doyle,Arthur Canan
_9
79801
245
_a
The Memoirs of Sherlock Holmes
260
_a
Delhi
_b
Deepali Publication
_c
2016
650
_a
Children Book
_9
79802
942
_c
BK
999
_c
63387
_d
63387